000 00761nam a2200217 a 4500
001 BRCA_1205
005 20190320203327.0
008 891109s1988 mx-a---##b---#000-0#spa-#
020 _a9688421480
040 _aDLC
_cDLC
_dDLC
050 4 _aNA757.M4
_b.T67 1988
100 1 _aToscano, Guadalupe
_93958
245 1 0 _aTestigos de piedra
_blas hornacinas del centro histórico de la Ciudad de México
_cGuadalupe Toscano ; prólogo, Arturo Sotomayor.
260 _aMéxico
_bM.A. Porrúa
_c1988
300 _a180 p.
_bil.
_c28 cm.
504 _aBibliografía: p. 93-95
650 1 4 _aNichos (Arquitectura)
_zMéxico
_93959
650 1 4 _aDecoración y ornamentación arquitectónica
_zMéxico
_93960
650 1 4 _aEscultura en relieve
_zMéxico
_93961
942 _2lcc
_cB
999 _c1078
_d1078